Utilajes mecánicos: fabricaciones en serie
Uloženo v:
| Hlavní autor: | |
|---|---|
| Médium: | Kniha |
| Jazyk: | španělština |
| Vydáno: |
Barcelona
Hoepli
1971
|
| Vydání: | 3a. ed |
| Témata: | |
| Tagy: |
Přidat tag
Žádné tagy, Buďte první, kdo vytvoří štítek k tomuto záznamu!
|
MARC
| LEADER | 00000nam a2200000 a 4500 | ||
|---|---|---|---|
| 001 | UCP2584 | ||
| 003 | CL-VaPUC | ||
| 008 | 990520e19710000SP |||||||||||||||||spa|d | ||
| 082 | 0 | 4 | |a 671.33 |b ROS |2 21 |
| 100 | 0 | |a Rossi, Mario |e author |9 429426 | |
| 245 | 1 | 0 | |a Utilajes mecánicos: fabricaciones en serie |
| 250 | |a 3a. ed | ||
| 300 | |a 749 p | ||
| 942 | |c BK | ||
| 945 | |d 19990520 00:00:00 |a cmena | ||
| 260 | |a Barcelona |b Hoepli |c 1971 | ||
| 650 | 7 | |a UTILLAJE |2 CL-VaPUC |9 429427 | |
| 650 | 7 | |a TECNICAS DE PRODUCCION |2 CL-VaPUC |9 352706 | |
| 650 | 0 | |a Procesos industriales |9 334036 | |
| 650 | 7 | |a OPERACIONES PREVIAS A LA PRODUCCION |2 CL-VaPUC |9 429428 | |
| 650 | 0 | |a Diseño de máquinas |9 271533 | |
| 650 | 7 | |a HERRAMIENTAS |2 CL-VaPUC |9 263987 | |
| 650 | 0 | |a Máquinas herramientas |9 262583 | |
| 650 | 7 | |a DISPOSICION DE LA PLANTA |2 CL-VaPUC |9 365382 | |
| 650 | 7 | |a ELEMENTOS DE MAQUINAS |2 CL-VaPUC |9 429429 | |
| 583 | |a last modification |c 19990520 00:00:00 |k Rodrigo Vera | ||
| 999 | |c 281098 |d 281096 | ||
| 952 | |0 0 |1 0 |4 0 |6 671_330000000000000_ROS_1971 |7 0 |8 A |9 321745 |a BIBMEC |b BIBMEC |d 2019-11-20 |i 1499750 |o 671.33 ROS 1971 |p 1499750 |r 2019-11-20 |w 2019-11-20 |y BK |k MEC | ||